中央本線の駅 - Statistics

General Stats
  • This quiz has been taken 9 times
  • The average score is 63 of 111
Answer Stats
都道府県 Answer % Correct
東京都 神田
100%
御茶ノ水
100%
水道橋
100%
飯田橋
100%
市ケ谷
100%
四ツ谷
100%
新宿
100%
大久保
100%
中野
100%
吉祥寺
100%
三鷹
100%
国分寺
100%
西国分寺
100%
立川
100%
八王子
100%
西八王子
100%
高尾
100%
神奈川県 相模湖
100%
甲府
100%
千駄ケ谷
88%
代々木
88%
東中野
88%
高円寺
88%
荻窪
88%
西荻窪
88%
国立
88%
山梨県 上野原
88%
大月
88%
勝沼ぶどう郷
88%
塩山
88%
石和温泉
88%
塩尻
88%
名古屋
88%
阿佐ケ谷
75%
武蔵境
75%
日野
75%
豊田
75%
四方津
75%
山梨市
75%
竜王
75%
韮崎
75%
小淵沢
75%
上諏訪
75%
下諏訪
75%
みどり湖
75%
中津川
75%
金山
75%
信濃町
63%
武蔵小金井
63%
藤野
63%
猿橋
63%
笹子
63%
茅野
63%
岡谷
63%
※支線 辰野
63%
恵那
63%
千種
63%
東小金井
50%
梁川
50%
鳥沢
50%
甲斐大和
50%
富士見
50%
木曽福島
50%
南木曽
50%
美乃坂本
50%
土岐市
50%
多治見
50%
古虎渓
50%
高蔵寺
50%
鶴舞
50%
初狩
38%
東山梨
38%
塩崎
38%
新府
38%
日野春
38%
長野県 信濃境
38%
瑞浪
38%
愛知県 定光寺
38%
神領
38%
春日井
38%
勝川
38%
新守山
38%
大曽根
38%
春日居町
25%
酒折
25%
穴山
25%
長坂
25%
すずらんの里
25%
洗馬
25%
奈良井
25%
上松
25%
大桑
25%
※支線 信濃川島
25%
岐阜県 坂下
25%
青柳
13%
贄川
13%
須原
13%
野尻
13%
※支線 川岸
13%
落合川
13%
日出塩
0%
木曽平沢
0%
藪原
0%
宮ノ越
0%
原野
0%
倉本
0%
十二兼
0%
田立
0%
※支線 小野
0%
武並
0%
釜戸
0%
No matching quizzes found
Score Distribution
Percent of People with Each Score
Percentile by Number Answered
Your Score History
You have not taken this quiz